000
00272nam a2200121Ia 4500
008
190216s9999||||xx |||||||||||||| ||und||
100
_a
Rama N Reddy
245
0
_a
Fortran 77
260
_b
Jaico Publishing House
_c
1989
300
_a
565p
650
_a
Computer
942
_c
BK
999
_c
8427
_d
8427